XI Titular en Finales de Libertadores 2010-2023 - Estadísticas

Estadísticas generales
  • Esta prueba ha sido intentada 213 veces
    27 desde el último reinicio
  • La puntuación promedio es 114 de 384
Estadísticas de respuestas
Hint Respuesta % Correcto
Boca Juniors 2018 Delantero Darío Benedetto
78%
Atlético Nacional 2016 Arquero Franco Armani
78%
River Plate 2018 Arquero Franco Armani
78%
River Plate 2019 Arquero Franco Armani
78%
Boca Juniors 2023 Delantero Edinson Cavani
72%
Flamengo 2019 Delantero Gabriel Barbosa
72%
Flamengo 2021 Delantero Gabriel Barbosa
72%
Flamengo 2022 Delantero Gabriel Barbosa
72%
River Plate 2018 Defensor Javier Pinola
72%
River Plate 2019 Defensor Javier Pinola
72%
Boca Juniors 2012 Volante Juan Román Riquelme
72%
River Plate 2015 Entrenador Marcelo Gallardo
72%
River Plate 2018 Entrenador Marcelo Gallardo
72%
River Plate 2019 Entrenador Marcelo Gallardo
72%
Boca Juniors 2023 Delantero Miguel Merentiel
72%
Boca Juniors 2023 Arquero Sergio Romero
72%
Flamengo 2025 Arquero Agustín Rossi
67%
Lanús 2017 Arquero Esteban Andrada
67%
Boca Juniors 2018 Arquero Esteban Andrada
67%
Boca Juniors 2023 Volante Ezequiel Fernández
67%
River Plate 2018 Volante Gonzalo Martínez
67%
Boca Juniors 2023 Volante Guillermo Fernández
67%
River Plate 2018 Volante Ignacio Fernández
67%
River Plate 2019 Volante Ignacio Fernández
67%
River Plate 2015 Defensor Jonatan Maidana
67%
River Plate 2018 Defensor Jonatan Maidana
67%
River Plate 2018 Delantero Lucas Pratto
67%
Lanús 2017 Volante Román Martínez
67%
Boca Juniors 2012 Defensor Clemente Rodríguez
61%
Boca Juniors 2018 Delantero Cristian Pavón
61%
Peñarol 2011 Defensor Darío Rodríguez
61%
Gremio PA 2017 Volante Fernandinho Silva
61%
River Plate 2018 Defensor Gonzalo Montiel
61%
River Plate 2019 Defensor Gonzalo Montiel
61%
Boca Juniors 2018 Entrenador Guillermo Barros Schelotto
61%
Peñarol 2011 Defensor Guillermo Rodríguez
61%
Lanús 2017 Entrenador Jorge Almirón
61%
Boca Juniors 2023 Entrenador Jorge Almirón
61%
San Lorenzo 2014 Defensor Julio Buffarini
61%
Boca Juniors 2018 Defensor Julio Buffarini
61%
River Plate 2015 Arquero Marcelo Barovero
61%
Santos 2011 Delantero Neymar
61%
Atletico Mineiro 2013 Volante Ronaldinho
61%
Boca Juniors 2018 Defensor Carlos Izquierdoz
56%
River Plate 2015 Volante Carlos Sánchez
56%
River Plate 2018 Volante Enzo Pérez
56%
River Plate 2019 Volante Enzo Pérez
56%
Flamengo 2019 Defensor Filipe Luis
56%
Flamengo 2021 Defensor Filipe Luis
56%
Flamengo 2022 Defensor Filipe Luis
56%
Flamengo 2025 Entrenador Filipe Luis
56%
Fluminense 2023 Delantero Germán Cano
56%
Lanús 2017 Delantero José Sand
56%
Atletico Mineiro 2013 Defensor Leonardo Silva
56%
River Plate 2015 Delantero Lucas Alario
56%
Gremio PA 2017 Delantero Lucas Barrios
56%
Boca Juniors 2023 Defensor Luis Advíncula
56%
River Plate 2018 Defensor Milton Casco
56%
River Plate 2019 Defensor Milton Casco
56%
San Lorenzo 2014 Volante Néstor Ortigoza
56%
River Plate 2019 Delantero Rafael Santos Borré
56%
Boca Juniors 2012 Defensor Rolando Schiavi
56%
Boca Juniors 2012 Delantero Santiago Silva
56%
Boca Juniors 2018 Delantero Sebastián Villa
56%
Boca Juniors 2023 Volante Valentín Barco
56%
Boca Juniors 2018 Volante Wilmar Barrios
56%
Boca Juniors 2012 Arquero Agustín Orión
50%
Olimpia 2013 Volante Alejandro Silva
50%
Lanús 2017 Delantero Alejandro Silva
50%
Tigres UANL 2015 Delantero André-Pierre Gignac
50%
Atlético Nacional 2016 Defensor Davinson Sánchez
50%
San Lorenzo 2014 Entrenador Edgardo Bauza
50%
Boca Juniors 2023 Defensor Frank Fabra
50%
Tigres UANL 2015 Volante Guido Pizarro
50%
Palmeiras 2020 Defensor Gustavo Gómez
50%
Palmeiras 2021 Defensor Gustavo Gómez
50%
Palmeiras 2025 Defensor Gustavo Gómez
50%
Lanús 2017 Defensor José Luis Gómez
50%
Palmeiras 2025 Delantero José Manuel López
50%
River Plate 2015 Volante Leonardo Ponzio
50%
River Plate 2018 Volante Leonardo Ponzio
50%
Boca Juniors 2018 Defensor Lisandro Magallán
50%
Olimpia 2013 Arquero Martín Silva
50%
Boca Juniors 2018 Volante Nahitán Nández
50%
Boca Juniors 2018 Volante Pablo Pérez
50%
Internacional 2010 Volante Andrés D'Alessandro
44%
Corinthians 2012 Arquero Cassio
44%
Corinthians 2012 Volante Danilo
44%
Palmeiras 2020 Volante Danilo
44%
Palmeiras 2021 Volante Danilo
44%
Flamengo 2025 Defensor Danilo
44%
Santos 2011 Defensor Danilo Luiz
44%
Corinthians 2012 Delantero Emerson
44%
River Plate 2018 Volante Exequiel Palacios
44%
River Plate 2019 Volante Exequiel Palacios
44%
Atlético Nacional 2016 Defensor Farid Díaz
44%
Fluminense 2023 Defensor Felipe Melo
44%
River Plate 2015 Defensor Gabriel Mercado
44%
Atletico Mineiro 2013 Delantero
44%
Boca Juniors 2023 Defensor Jorge Figal
44%
Boca Juniors 2012 Entrenador Julio César Falcioni
44%
Lanús 2017 Delantero Lautaro Acosta
44%
River Plate 2019 Defensor Lucas Martínez Quarta
44%
Boca Juniors 2018 Defensor Lucas Olaza
44%
Atlético Nacional 2016 Delantero Miguel Ángel Borja
44%
Tigres UANL 2015 Arquero Nahuel Guzmán
44%
River Plate 2019 Volante Nicolás de la Cruz
44%
San Lorenzo 2014 Arquero Sebastián Torrico
44%
Gremio PA 2017 Defensor Walter Kannemann
44%
Palmeiras 2020 Arquero Weverton
44%
Palmeiras 2021 Arquero Weverton
44%
Corinthians 2012 Volante Alex
39%
Flamengo 2019 Delantero Bruno Henrique
39%
Flamengo 2021 Volante Bruno Henrique
39%
Flamengo 2025 Delantero Bruno Henrique
39%
Boca Juniors 2023 Volante Cristian Medina
39%
Santos 2011 Volante Ganso
39%
Fluminense 2023 Volante Ganso
39%
Flamengo 2019 Volante Gerson
39%
Botafogo 2024 Delantero Igor Jesus
39%
River Plate 2015 Defensor Leonel Vangioni
39%
Atlético Nacional 2016 Volante Macnelly Torres
39%
River Plate 2019 Delantero Matías Suárez
39%
River Plate 2015 Defensor Ramiro Funes Mori
39%
Gremio PA 2017 Entrenador Renato Portaluppi
39%
Flamengo 2021 Entrenador Renato Portaluppi
39%
Corinthians 2012 Entrenador Tité
39%
Boca Juniors 2012 Volante Walter Erviti
39%
Palmeiras 2020 Entrenador Abel Ferreira
33%
Palmeiras 2021 Entrenador Abel Ferreira
33%
Palmeiras 2025 Entrenador Abel Ferreira
33%
Peñarol 2011 Defensor Alejandro González
33%
Gremio PA 2017 Volante Arthur
33%
Palmeiras 2025 Arquero Carlos Miguel
33%
Atletico Mineiro 2013 Entrenador Cuca
33%
Santos 2020 Entrenador Cuca
33%
Atletico Mineiro 2024 Delantero Deyverson
33%
Tigres UANL 2015 Volante Egidio Arévalo Ríos
33%
San Lorenzo 2014 Defensor Emmanuel Mas
33%
Flamengo 2025 Volante Erick Pulgar
33%
Fluminense 2023 Arquero Fábio
33%
Flamengo 2019 Volante Giorgian de Arrascaeta
33%
Flamengo 2021 Volante Giorgian de Arrascaeta
33%
Flamengo 2022 Volante Giorgian de Arrascaeta
33%
Flamengo 2025 Volante Giorgian de Arrascaeta
33%
Flamengo 2025 Defensor Guillermo Varela
33%
Atletico Mineiro 2024 Delantero Hulk
33%
Flamengo 2025 Volante Jorge Carrascal
33%
Corinthians 2012 Delantero Jorge Henrique
33%
Flamengo 2019 Entrenador Jorge Jesús
33%
Tigres UANL 2015 Defensor Jorge Torres Nilo
33%
Botafogo 2024 Volante Luiz Henrique
33%
Fluminense 2023 Defensor Marcelo
33%
Guadalajara 2010 Volante Marco de la Mora
33%
River Plate 2015 Volante Matías Kranevitter
33%
San Lorenzo 2014 Delantero Mauro Matos
33%
Boca Juniors 2023 Defensor Nicolás Valentini
33%
Flamengo 2019 Defensor Pablo Marí
33%
Boca Juniors 2012 Delantero Pablo Mouche
33%
Athletico Parananense 2022 Defensor Pedro Henrique
33%
Botafogo 2024 Volante Thiago Almada
33%
Athletico Parananense 2022 Delantero Vitor Roque
33%
Palmeiras 2025 Delantero Vitor Roque
33%
Atlético Nacional 2016 Volante Alejandro Guerra
28%
Santos 2011 Defensor Alex Sandro
28%
Flamengo 2025 Defensor Alex Sandro
28%
Flamengo 2021 Volante Andreas Pereira
28%
Palmeiras 2025 Volante Andreas Pereira
28%
Independiente del Valle 2016 Defensor Arturo Mina
28%
Flamengo 2019 Arquero Diego Alves
28%
Flamengo 2021 Arquero Diego Alves
28%
Palmeiras 2021 Volante Dudu
28%
Santos 2011 Volante Elano
28%
Flamengo 2019 Delantero Éverton Ribeiro
28%
Flamengo 2021 Volante Éverton Ribeiro
28%
Flamengo 2022 Volante Éverton Ribeiro
28%
Athletico Parananense 2022 Volante Fernandinho Rosa
28%
Boca Juniors 2012 Defensor Franco Sosa
28%
Atletico Mineiro 2024 Entrenador Gabriel Milito
28%
Palmeiras 2021 Defensor Joaquín Piquerez
28%
Palmeiras 2025 Volante Joaquín Piquerez
28%
Atletico Mineiro 2024 Defensor Junior Alonso
28%
San Lorenzo 2014 Volante Leandro Romagnoli
28%
Flamengo 2022 Defensor Léo Pereira
28%
Flamengo 2025 Defensor Leo Pereira
28%
Athletico Parananense 2022 Entrenador Luiz Felipe Scolari
28%
Santos 2020 Volante Marinho
28%
Boca Juniors 2012 Volante Pablo Ledesma
28%
Internacional 2010 Delantero Rafael Sobis
28%
Tigres UANL 2015 Delantero Rafael Sobis
28%
Atlético Nacional 2016 Entrenador Reinaldo Rueda
28%
Peñarol 2011 Arquero Sebastián Sosa
28%
Santos 2011 Volante Adriano
22%
Corinthians 2012 Defensor Alessandro
22%
Botafogo 2024 Defensor Alexander Barboza
22%
Botafogo 2024 Entrenador Artur Jorge
22%
Atletico Mineiro 2013 Volante Bernard
22%
Palmeiras 2025 Defensor Bruno Fuchs
22%
Peñarol 2011 Defensor Carlos Valdez
22%
Atlético Nacional 2016 Defensor Daniel Bocanegra
22%
Flamengo 2022 Entrenador Dorival Júnior
22%
Atletico Mineiro 2024 Arquero Everson
22%
Fluminense 2023 Entrenador Fernando Diniz Silva
22%
Tigres UANL 2015 Defensor Israel Jiménez
22%
Fluminense 2023 Volante Jhon Arias
22%
Santos 2020 Arquero John
22%
Botafogo 2024 Arquero John
22%
Flamengo 2025 Volante Jorginho
22%
Santos 2020 Delantero Kaio Jorge
22%
Fluminense 2023 Volante Keno
22%
Gremio PA 2017 Volante Luan
22%
Palmeiras 2020 Defensor Luan
22%
Palmeiras 2021 Defensor Luan
22%
Independiente del Valle 2016 Defensor Luis Caicedo
22%
Palmeiras 2020 Delantero Luiz Adriano
22%
Santos 2011 Volante Marcos Arouca
22%
Atletico Mineiro 2013 Defensor Marcos Rocha
22%
Palmeiras 2020 Defensor Marcos Rocha
22%
Atlético Nacional 2016 Volante Marlos Moreno
22%
Atlético Nacional 2016 Volante Orlando Berrío
22%
Corinthians 2012 Volante Paulinho
22%
Atletico Mineiro 2024 Delantero Paulinho
22%
Flamengo 2022 Delantero Pedro
22%
Santos 2011 Arquero Rafael Cabral
22%
Palmeiras 2020 Volante Raphael Veiga
22%
Palmeiras 2021 Volante Raphael Veiga
22%
Palmeiras 2025 Volante Raphael Veiga
22%
Tigres UANL 2015 Entrenador Ricardo Ferreti
22%
Atletico Mineiro 2024 Defensor Rodrigo Battaglia
22%
Palmeiras 2020 Volante Rony
22%
Palmeiras 2021 Delantero Rony
22%
Flamengo 2025 Volante Samuel Lino
22%
Internacional 2010 Volante Sandro
22%
Atlético Nacional 2016 Defensor Alexis Henríquez
17%
Botafogo 2024 Defensor Alex Telles
17%
Fluminense 2023 Volante André
17%
Internacional 2010 Defensor Bolivar
17%
Flamengo 2021 Defensor David Luiz
17%
Flamengo 2022 Defensor David Luiz
17%
Peñarol 2011 Entrenador Diego Aguirre
17%
Santos 2020 Volante Diego Pituca
17%
Atletico Mineiro 2013 Volante Diego Tardelli
17%
Santos 2011 Defensor Durval
17%
Olimpia 2013 Volante Eduardo Aranda
17%
Santos 2020 Defensor Felipe Jonatan
17%
River Plate 2015 Delantero Fernando Cavenaghi
17%
Palmeiras 2020 Volante Gabriel Moreno
17%
Botafogo 2024 Volante Gregore
17%
Atletico Mineiro 2024 Volante Guilherme Arana
17%
Palmeiras 2021 Volante Gustavo Scarpa
17%
Atletico Mineiro 2024 Volante Gustavo Scarpa
17%
San Lorenzo 2014 Volante Héctor Daniel Villalba
17%
Olimpia 2013 Defensor Herminio Miranda
17%
Lanús 2017 Volante Iván Marcone
17%
Independiente del Valle 2016 Delantero José Angulo
17%
Peñarol 2011 Delantero Juan Manuel Olivera
17%
Independiente del Valle 2016 Volante Julio Angulo
17%
Tigres UANL 2015 Volante Jürgen Damm
17%
Internacional 2010 Defensor Kleber
17%
Boca Juniors 2012 Volante Leandro Somoza
17%
Botafogo 2024 Volante Marlon Freitas
17%
Olimpia 2013 Volante Matías Giménez
17%
Peñarol 2011 Volante Matías Mier
17%
Palmeiras 2020 Defensor Matías Viña
17%
Flamengo 2021 Defensor Mauricio Isla
17%
San Lorenzo 2014 Defensor Mauro Cetto
17%
Santos 2011 Entrenador Muricy Ramalho
17%
Palmeiras 2025 Defensor Murilo Cerqueira
17%
Peñarol 2011 Volante Nicolás Freitas
17%
Guadalajara 2010 Delantero Omar Bravo
17%
Internacional 2010 Volante Pablo Guiñazú
17%
Guadalajara 2010 Volante Patricio Araujo
17%
Flamengo 2019 Defensor Rafinha
17%
Corinthians 2012 Volante Ralf
17%
Atletico Mineiro 2013 Defensor Réver
17%
Flamengo 2019 Defensor Rodrigo Caio
17%
Flamengo 2021 Defensor Rodrigo Caio
17%
Athletico Parananense 2022 Defensor Thiago Heleno
17%
Atletico Mineiro 2013 Arquero Víctor
17%
Flamengo 2019 Volante Willian Arao
17%
Flamengo 2021 Volante Willian Arao
17%
Santos 2020 Volante Yeferson Soteldo
17%
Atletico Mineiro 2024 Volante Alan Franco Palma
11%
Peñarol 2011 Delantero Alejandro Martinuccio
11%
Atlético Nacional 2016 Volante Alexander Mejía
11%
Athletico Parananense 2022 Arquero Bento
11%
Internacional 2010 Entrenador Celso Roth
11%
Corinthians 2012 Defensor Chicao
11%
Santos 2011 Defensor Edu Dracena
11%
Corinthians 2012 Defensor Fábio Santos
11%
Atletico Mineiro 2024 Volante Fausto Vera
11%
Olimpia 2013 Delantero Fredy Bareiro
11%
Nacional Asunción 2014 Delantero Fredy Bareiro
11%
Internacional 2010 Volante Giuliano
11%
Guadalajara 2010 Defensor Héctor Reynoso
11%
Olimpia 2013 Entrenador Hugo Almeida
11%
Internacional 2010 Defensor Indio
11%
Tigres UANL 2015 Delantero Javier Aquino
11%
Botafogo 2024 Volante Jefferson Savarino
11%
San Lorenzo 2014 Volante Juan Mercier
11%
Nacional Asunción 2014 Delantero Julián Benítez
11%
Corinthians 2012 Defensor Leandro Castán
11%
Independiente del Valle 2016 Arquero Librado Azcona
11%
Santos 2020 Defensor Luan Peres
11%
Santos 2020 Defensor Lucas Verissimo
11%
Gremio PA 2017 Arquero Marcelo Grohe
11%
Lanús 2017 Defensor Marcelo Herrera
11%
Guadalajara 2010 Defensor Mario de Luna
11%
San Lorenzo 2014 Delantero Martín Cauteruccio
11%
Peñarol 2011 Volante Mathias Corujo
11%
Boca Juniors 2012 Defensor Matías Caruzzo
11%
Lanús 2017 Defensor Maximiliano Velázquez
11%
Internacional 2010 Defensor Nei
11%
Olimpia 2013 Defensor Nelson Benítez
11%
Independiente del Valle 2016 Entrenador Pablo Repetto
11%
Santos 2020 Defensor Pará
11%
Gremio PA 2017 Defensor Pedro Geromel
11%
Internacional 2010 Arquero Renan
11%
Olimpia 2013 Defensor Salustiano Candia
11%
Fluminense 2023 Defensor Samuel Xavier
11%
Flamengo 2022 Arquero Santos
11%
Internacional 2010 Delantero Taison
11%
Athletico Parananense 2022 Volante Vitinho
11%
Botafogo 2024 Defensor Vitinho
11%
Olimpia 2013 Volante Wilson Pittoni
11%
Santos 2011 Delantero Zé Eduardo
11%
Palmeiras 2020 Volante Zé Rafael
11%
Palmeiras 2021 Volante Zé Rafael
11%
Athletico Parananense 2022 Defensor Abner Vinícius
6%
Guadalajara 2010 Delantero Adolfo Bautista
6%
Botafogo 2024 Defensor Adryelson
6%
Palmeiras 2025 Volante Allan Elias
6%
Gremio PA 2017 Defensor Bruno Cortêz
6%
Independiente del Valle 2016 Defensor Christian Núñez
6%
Gremio PA 2017 Defensor Edilson
6%
Nacional Asunción 2014 Entrenador Gustavo Morínigo
6%
Nacional Asunción 2014 Arquero Ignacio Don
6%
Gremio PA 2017 Volante Jailson
6%
Tigres UANL 2015 Defensor Jesús Rivas
6%
Flamengo 2022 Volante Joao Gomes
6%
Guadalajara 2010 Defensor Jonny Magallón
6%
Nacional Asunción 2014 Defensor José Cáceres
6%
Guadalajara 2010 Entrenador José Luis Real
6%
Atletico Mineiro 2013 Volante Josué
6%
Olimpia 2013 Delantero Juan Manuel Salgueiro
6%
Olimpia 2013 Defensor Julio Manzur
6%
Tigres UANL 2015 Defensor Juninho
6%
Independiente del Valle 2016 Volante Junior Sornoza
6%
Athletico Parananense 2022 Defensor Khellven
6%
Palmeiras 2025 Volante Khellven
6%
Peñarol 2011 Volante Luis Aguiar
6%
Guadalajara 2010 Arquero Luis Michel
6%
Atletico Mineiro 2024 Defensor Lyanco
6%
Nacional Asunción 2014 Volante Marcos Riveros
6%
Independiente del Valle 2016 Volante Mario Rizotto
6%
Fluminense 2023 Volante Matheus Martinelli
6%
Palmeiras 2021 Defensor Mayke
6%
Guadalajara 2010 Defensor Miguel Ponce
6%
Fluminense 2023 Defensor Nino
6%
Guadalajara 2010 Volante Omar Arellano
6%
Atletico Mineiro 2013 Volante Pierre
6%
Gremio PA 2017 Volante Ramiro
6%
Nacional Asunción 2014 Defensor Raúl Piris
6%
Atletico Mineiro 2013 Defensor Richarlyson
6%
Flamengo 2022 Defensor Rodinei
6%
Santos 2020 Volante Sandry
6%
San Lorenzo 2014 Defensor Santiago Gentiletti
6%
Flamengo 2022 Volante Thiago Maia
6%
Guadalajara 2010 Volante Xavier Báez
6%
Athletico Parananense 2022 Volante Alex Santana
0%
Santos 2020 Volante Alison
0%
Independiente del Valle 2016 Volante Bryan Cabezas
0%
Nacional Asunción 2014 Defensor David Mendoza
0%
Nacional Asunción 2014 Volante Derlis Orué
0%
Independiente del Valle 2016 Defensor Emiliano Tellechea
0%
Athletico Parananense 2022 Volante Hugo Moura
0%
Independiente del Valle 2016 Volante Jefferson Orejuela
0%
Nacional Asunción 2014 Volante Marcos Melgarejo
0%
River Plate 2015 Volante Nicolás Bertolo
0%
Lanús 2017 Volante Nicolás Pasquini
0%
Nacional Asunción 2014 Defensor Ramón Coronel
0%
Lanús 2017 Defensor Rolando García Guerreño
0%
Nacional Asunción 2014 Volante Silvio Torales
0%
Athletico Parananense 2022 Volante Vitor Bueno
0%
No se encontraron pruebas coincidentes
Distribución de puntuación
Porcentaje de gente con cada puntuación
Porcentaje por número respondido
Historial de tus puntuaciones
No has intentado esta prueba desde el último reinicio